Hello Love- Benson Boone Lyrics - Statistics

General Stats
  • This quiz has been taken 105 times
    104 since last reset
  • The average score is 158 of 192
Answer Stats
Answer % Correct
Hello
100%
I
100%
love
100%
Love
100%
you
100%
a
95%
your
95%
face
93%
feel
91%
me
91%
way
91%
and
88%
And
88%
can
88%
could
88%
die
88%
different
88%
i'm
88%
I'm
88%
in
88%
missed
88%
to
88%
When
88%
don't
86%
Don't
86%
go
86%
head
86%
my
86%
the
86%
where
86%
with
86%
is
84%
i've
84%
know
84%
oh
84%
Oh
84%
all
81%
alone
81%
at
81%
away
81%
But
81%
but
81%
catch
81%
eyes
81%
look
81%
lost
81%
on
81%
were
81%
bleed
79%
breath
79%
fade
79%
hold
79%
if
79%
never
79%
pass
79%
was
79%
Won't
79%
black
77%
blue
77%
choose
77%
or
77%
storm
77%
this
77%
time
77%
try
77%
up
77%
empty
74%
forced
74%
gone
74%
Just
74%
more
74%
those
74%
while
74%
knew
72%
leaving
72%
less
72%
Like
72%
Now
72%
tied
72%
barely
70%
between
70%
fear
70%
little
70%
stay
70%
fireworks
67%
mind
67%
rollerblade
67%
still
67%
two
67%
holding
65%
let
65%
ain't
63%
it
63%
caught
60%
blame
56%
safe
56%
you've
56%
give
53%
anything
51%
I'd
51%
again
49%
vain
40%
No matching quizzes found
Score Distribution
Percent of People with Each Score
Percentile by Number Answered
Your Score History
You have not taken this quiz since the last reset